Essentials of accounting for govermental and not-for-profit organizations

Bibliographic Details
Main Authors: Hay, Leon E. (Author), Engstrom, John H. (Author)
Format: Book
Language:English
Published: Homewood, Illinois : Erwin 1987
Subjects:

MARC

LEADER 00000cam a2200000 7i4500
001 0000003269
005 20240926.0
008 991202 ilua eng
020 |a 0256034540 
040 |a INS   |b eng   |e rda 
090 0 0 |a HJ9801   |b .H39 1987 
100 1 |a Hay, Leon E. ,   |e author 
245 1 0 |a Essentials of accounting for govermental and not-for-profit organizations   |c Leon E. Hay, John H. Engstrom 
264 1 |a Homewood, Illinois :   |b Erwin   |c 1987 
300 |a x, 310 pages :   |b illustrations ;   |c 24 cm. 
336 |a text  |2 rdacontent 
337 |a unmediated  |2 rdamedia 
338 |a volume  |2 rdacarrier 
500 |a Includes index 
650 0 |a Accounting 
650 0 |a Finance   |x Public Accounting 
700 1 |a Engstrom, John H. ,   |e author 
999 |a 0000004239   |b BOOK   |c Open Shelf   |e Default branch